[Event "ProMoPro2004"]
[Site "Praha"]
[Date "2004.09.14"]
[Round "4.6"]
[White "Kout, Zdenek"]
[Black "Matras, Ondrej"]
[Result "0-1"]
[WhiteElo "2139"]
[BlackElo "2230"]
[PlyCount "112"]
[EventDate "2004.09.11"]

1. c4 g6 2. Nc3 Bg7 3. d4 d6 4. e4 Nf6 5. Be2 Nbd7 6. Bg5 c6 7. Qd2 h6 8. Be3
a6 9. a4 Qa5 10. Ra3 c5 11. d5 Ne5 12. Nf3 Nxf3+ 13. gxf3 Bd7 14. Rg1 h5 15.
Nb1 Qxd2+ 16. Kxd2 b6 17. Nc3 Rb8 18. Rb1 Kd8 19. b4 Kc7 20. Rab3 Nh7 21. bxc5
bxc5 22. a5 Rxb3 23. Rxb3 Rb8 24. Rxb8 Kxb8 25. Bd1 Kc7 26. f4 Nf6 27. f3 Ng8
28. Na4 Nh6 29. Nb6 Be8 30. Kd3 f6 31. Be2 f5 32. e5 Nf7 33. e6 Nd8 34. Bd2 Nb7
35. Na8+ Kb8 36. Nb6 Kc7 37. Na8+ Kd8 38. Bd1 Bb2 39. Nb6 Kc7 40. Ba4 Bxa4 41.
Nxa4 Ba3 42. Nb6 Bb4 43. Nd7 Nxa5 44. Bc1 Nb3 45. Bb2 a5 46. Nf8 a4 47. Nxg6
Kd8 48. Nh4 a3 49. Bxa3 Bxa3 50. Nxf5 Nd4 51. Ng7 Nxf3 52. Nxh5 Nxh2 53. Ke4
Bb2 54. Kf5 Nf1 55. Kg6 Ke8 56. f5 Ne3 0-1

[Event "ProMoPro2004"]
[Site "Praha"]
[Date "2004.09.14"]
[Round "4.28"]
[White "Jansa, Vaclav"]
[Black "Neumanova, Monika"]
[Result "1-0"]
[WhiteElo "2076"]
[BlackElo "1672"]
[PlyCount "93"]
[EventDate "2004.09.11"]

1. e4 c5 2. Nf3 Nc6 3. d3 e6 4. g3 d5 5. Nbd2 Bd6 6. Bg2 Nge7 7. O-O O-O 8. Re1
Ng6 9. Nf1 d4 10. N3d2 e5 11. Nc4 Bc7 12. a4 Be6 13. h4 Re8 14. h5 Nf8 15. h6
Qd7 16. hxg7 Kxg7 17. Nh2 Ng6 18. Qh5 Bd8 19. Bh6+ Kh8 20. Re2 Rg8 21. Kh1 Nge7
22. Nxe5 Qe8 23. Nxc6 Nxc6 24. Qxc5 f6 25. Bf3 Ne5 26. Bf4 Bb6 27. Qb5 Bd7 28.
Qd5 Be6 29. Qb5 Bd7 30. Qd5 Be6 31. Bxe5 Bxd5 32. Bxf6+ Rg7 33. exd5 Qf7 34.
Re6 Kg8 35. Rae1 Rb8 36. Kg2 Qd7 37. Bxg7 Qxg7 38. Ng4 Ba5 39. R1e4 Bb4 40.
Nf6+ Kh8 41. d6 Rf8 42. Rg4 Rxf6 43. Rxg7 Kxg7 44. d7 Ba5 45. Re8 Rd6 46. Re7+
Kh6 47. Be4 1-0

[Event "ProMoPro2004"]
[Site "Praha"]
[Date "2004.09.14"]
[Round "4.31"]
[White "Horak, Karel"]
[Black "Koncel, Jan"]
[Result "0-1"]
[WhiteElo "1671"]
[BlackElo "1441"]
[PlyCount "136"]
[EventDate "2004.09.11"]

1. d4 d5 2. c4 e6 3. Nc3 Nf6 4. Bg5 Be7 5. e3 O-O 6. cxd5 exd5 7. Bd3 c6 8. Qc2
Nbd7 9. Nf3 h6 10. Bxf6 Bxf6 11. O-O Re8 12. b4 Nf8 13. h3 Qd6 14. Rab1 a6 15.
Rfc1 b5 16. a4 g5 17. Nh2 Bd7 18. a5 Bd8 19. Ne2 Bc7 20. Ng3 h5 21. Nhf1 h4 22.
Nf5 Qf6 23. Nd2 Ng6 24. Re1 Ne7 25. Nxe7+ Rxe7 26. Qc5 Bd6 27. Qc3 g4 28. e4
gxh3 29. e5 Qg5 30. Bf1 Bc7 31. Kh1 hxg2+ 32. Bxg2 f6 33. Rg1 Kh8 34. Bxd5 Qf4
35. Qf3 Qxf3+ 36. Bxf3 fxe5 37. dxe5 Rxe5 38. Rg6 Bf5 39. Rh6+ Kg7 40. Rxc6 Ra7
41. Rbc1 Bd8 42. Rd6 Be7 43. Rg1+ Kf8 44. Rd4 Rd7 45. Nb3 Rxd4 46. Nxd4 Bd7 47.
Bb7 Bxb4 48. Bxa6 Bxa5 49. Rd1 Rd5 50. Kg1 Bb6 51. Ne6+ Bxe6 52. Rxd5 Bxd5 53.
Bxb5 Kg7 54. Bd7 Kf6 55. Kf1 Bf3 56. Bc8 Kg5 57. Bd7 Kf4 58. Be6 Bc6 59. Bh3
Bb5+ 60. Kg2 Bd3 61. f3 Be2 62. Bg4 Ke3 63. Kh3 Bd8 64. Kg2 Bc4 65. Bd7 Bd5 66.
Bg4 Ke2 67. Kh3 Ke1 68. Bh5 Bc7 0-1

[Event "ProMoPro2004"]
[Site "Praha"]
[Date "2004.09.15"]
[Round "5.24"]
[White "Zatko, Michal"]
[Black "Voglova, Eva"]
[Result "1/2-1/2"]
[WhiteElo "1760"]
[BlackElo "1988"]
[PlyCount "20"]
[EventDate "2004.09.11"]

1. e4 d5 2. exd5 Nf6 3. Bb5+ Bd7 4. Qe2 Nxd5 5. Nc3 Nb6 6. Bxd7+ N8xd7 7. Nf3
e6 8. O-O Be7 9. d3 O-O 10. a4 Nf6 1/2-1/2

[Event "ProMoPro2004"]
[Site "Praha"]
[Date "2004.09.15"]
[Round "5.27"]
[White "Horinek, Karel"]
[Black "Hornicek, Ondrej"]
[Result "1-0"]
[WhiteElo "1941"]
[BlackElo "1681"]
[PlyCount "39"]
[EventDate "2004.09.11"]

1. d4 Nf6 2. c4 g6 3. Nc3 Bg7 4. e4 d6 5. Bd3 O-O 6. Nge2 e5 7. d5 Ne8 8. O-O
f5 9. f4 fxe4 10. Nxe4 Nd7 11. Qc2 Nef6 12. N4g3 Nc5 13. fxe5 dxe5 14. Bg5 Nxd3
15. Qxd3 Qe8 16. Nc3 h6 17. Bxf6 Bxf6 18. Nce4 Bg7 19. Rxf8+ Bxf8 20. Nf6+ 1-0

[Event "ProMoPro2004"]
[Site "Praha"]
[Date "2004.09.15"]
[Round "5.21"]
[White "Nepustil, Frantisek"]
[Black "Stepanek, Svatopluk"]
[Result "1/2-1/2"]
[WhiteElo "1979"]
[BlackElo "1767"]
[PlyCount "20"]
[EventDate "2004.09.11"]

1. e4 e5 2. d4 exd4 3. c3 d5 4. exd5 Qxd5 5. cxd4 Nc6 6. Be3 Nf6 7. Nc3 Qa5 8.
Nf3 Bb4 9. Bd2 O-O 10. a3 Bxc3 1/2-1/2

[Event "ProMoPro2004"]
[Site "Praha"]
[Date "2004.09.15"]
[Round "5.28"]
[White "Istel, Oldrich"]
[Black "Benes, Pavel"]
[Result "0-1"]
[WhiteElo "1668"]
[BlackElo "1852"]
[PlyCount "50"]
[EventDate "2004.09.11"]

1. d4 Nf6 2. Nf3 g6 3. Bf4 Bg7 4. e3 O-O 5. c4 d6 6. Bd3 Nbd7 7. O-O h6 8. Nc3
Nh5 9. Bg3 Nxg3 10. fxg3 e5 11. Rc1 exd4 12. exd4 Nf6 13. Qb3 Qe8 14. Rce1 Qc6
15. Re7 Bd7 16. c5 dxc5 17. Ne5 Qd6 18. Rxf7 Be6 19. Qxe6 Qxe6 20. Bc4 Qxf7 21.
Nxf7 Rxf7 22. Ne4 Nxe4 23. Bxf7+ Kh7 24. dxc5 Rf8 25. b4 Bd4+ 0-1

[Event "ProMoPro2004"]
[Site "Praha"]
[Date "2004.09.15"]
[Round "5.25"]
[White "Petrak, Robert"]
[Black "Cebis, Petr"]
[Result "1-0"]
[WhiteElo "2143"]
[BlackElo "1852"]
[PlyCount "63"]
[EventDate "2004.09.11"]

1. e3 e6 2. Ne2 f5 3. d4 Nf6 4. g3 d5 5. Bg2 c6 6. O-O Bd6 7. Nd2 O-O 8. b3 g5
9. Nf3 Ng4 10. h3 Nh6 11. e4 Nf7 12. exd5 exd5 13. c4 Be6 14. cxd5 Bxd5 15. Nc3
Bxf3 16. Qxf3 Qf6 17. Bb2 g4 18. hxg4 Ng5 19. Qxf5 Qxf5 20. gxf5 Rxf5 21. f4
Nf7 22. Bh3 Rh5 23. Bc8 Nd8 24. Ne4 Rh6 25. Rae1 Na6 26. Nxd6 Rxd6 27. Bf5 Nf7
28. Re7 Rf6 29. Bb1 Nd6 30. Rxh7 Re8 31. d5 Rf7 32. Rh8# 1-0

[Event "ProMoPro2004"]
[Site "Praha"]
[Date "2004.09.15"]
[Round "5.18"]
[White "Hlavnicka, Jan"]
[Black "Svoboda, Vaclav"]
[Result "0-1"]
[WhiteElo "1864"]
[BlackElo "2042"]
[PlyCount "46"]
[EventDate "2004.09.11"]

1. b3 d5 2. Bb2 Nf6 3. Nf3 Bf5 4. e3 e6 5. d4 Be7 6. c4 O-O 7. c5 Nc6 8. a3 a5
9. Nc3 b6 10. Rc1 bxc5 11. dxc5 Nd7 12. Nxd5 exd5 13. Qxd5 Bf6 14. Qxf5 Bxb2
15. Rd1 Qf6 16. Qxd7 Rad8 17. Qxc7 Qc3+ 18. Ke2 Rxd1 19. Kxd1 Rd8+ 20. Nd4
Qxb3+ 21. Kd2 Qc3+ 22. Kd1 Bc1 23. Ke2 Nxd4+ 0-1

[Event "ProMoPro2004"]
[Site "Praha"]
[Date "2004.09.14"]
[Round "4.13"]
[White "Kastner, Kamil"]
[Black "Rakous, Pavel"]
[Result "1-0"]
[WhiteElo "2080"]
[BlackElo "1800"]
[PlyCount "55"]
[EventDate "2004.09.11"]

1. e4 c5 2. Nc3 a6 3. a4 e6 4. Bc4 Nc6 5. d3 b6 6. Nge2 Be7 7. O-O Bb7 8. f4
Nh6 9. Ng3 Bh4 10. Nh5 Rg8 11. f5 Qc7 12. Nxg7+ Rxg7 13. Bxh6 Rg8 14. Qh5 Bg3
15. hxg3 Qxg3 16. Qf3 Qxf3 17. Rxf3 Ne5 18. Rff1 Nxc4 19. dxc4 O-O-O 20. a5 b5
21. cxb5 exf5 22. Rxf5 axb5 23. Rxc5+ Kb8 24. a6 Bc6 25. a7+ Ka8 26. Nd5 Kb7
27. Bf4 Rg4 28. Bb8 1-0

[Event "ProMoPro2004"]
[Site "Praha"]
[Date "2004.09.15"]
[Round "5.7"]
[White "Pokorny, Petr"]
[Black "Krischke, Arnold"]
[Result "0-1"]
[WhiteElo "2292"]
[BlackElo "2133"]
[PlyCount "62"]
[EventDate "2004.09.11"]

1. d4 d5 2. c4 c6 3. Nf3 Nf6 4. Nc3 e6 5. cxd5 exd5 6. Bg5 Be7 7. Qc2 Nbd7 8.
e3 h6 9. Bh4 O-O 10. Bd3 Re8 11. O-O Ne4 12. Bg3 Nxg3 13. hxg3 Nf6 14. Rab1 a5
15. a3 Bd7 16. b4 axb4 17. axb4 Bd6 18. b5 Qe7 19. bxc6 bxc6 20. Rfe1 Ne4 21.
Rb7 Nxc3 22. Qxc3 Reb8 23. Reb1 Qe8 24. Rxb8 Rxb8 25. Rxb8 Qxb8 26. Qc2 Qb4 27.
Bh7+ Kh8 28. Bf5 Be8 29. e4 g6 30. e5 Bf8 31. Bd3 c5 0-1

[Event "ProMoPro2004"]
[Site "Praha"]
[Date "2004.09.15"]
[Round "5.32"]
[White "Cozl, Miroslav"]
[Black "Janota, Jiri"]
[Result "1-0"]
[WhiteElo "1525"]
[BlackElo "1559"]
[PlyCount "68"]
[EventDate "2004.09.11"]

1. e4 e5 2. Nf3 Nc6 3. Bb5 a6 4. Ba4 Nf6 5. d3 d6 6. Bg5 Be7 7. c3 O-O 8. h3 b5
9. Bc2 Bd7 10. d4 exd4 11. cxd4 Re8 12. d5 Ne5 13. Nxe5 dxe5 14. O-O Qb8 15.
Qf3 c6 16. Bxf6 Bxf6 17. g4 cxd5 18. exd5 e4 19. Bxe4 Bxb2 20. Nd2 Bxa1 21.
Rxa1 Qd6 22. Nf1 Rac8 23. Ng3 Rc7 24. Kg2 g6 25. Rd1 Rec8 26. Ne2 Rc4 27. Bd3
Ra4 28. Nd4 Rxa2 29. Nc6 Bxc6 30. dxc6 Qxc6 31. Be4 Qc7 32. Bd5 Rc2 33. Qf6 Rf8
34. h4 Qc3 1-0

[Event "ProMoPro2004"]
[Site "Praha"]
[Date "2004.09.15"]
[Round "5.16"]
[White "Novak, Jindrich"]
[Black "Listopad, Martin"]
[Result "0-1"]
[WhiteElo "2059"]
[BlackElo "1882"]
[PlyCount "142"]
[EventDate "2004.09.11"]

1. e4 c5 2. c3 d5 3. d3 Nc6 4. Nf3 dxe4 5. dxe4 Qxd1+ 6. Kxd1 Bg4 7. Be3 e6 8.
Nbd2 a6 9. a4 Nf6 10. Kc2 Be7 11. Bc4 O-O 12. h4 Bh5 13. Ng5 Ng4 14. Raf1 Nxe3+
15. fxe3 Ne5 16. Rf4 Bd6 17. Ba2 h6 18. Ngf3 Nxf3 19. Nxf3 Bxf4 20. exf4 Bxf3
21. gxf3 b5 22. f5 exf5 23. Bd5 Rad8 24. axb5 axb5 25. Ra1 fxe4 26. fxe4 Kh7
27. Ra5 Rb8 28. Ra7 Kg6 29. b3 Kf6 30. Rc7 Rbc8 31. Rb7 b4 32. c4 g5 33. Rb6+
Kg7 34. h5 Rc7 35. Ra6 Rd8 36. Kd3 Rdd7 37. Ra5 Re7 38. Rb5 Re5 39. Rb6 g4 40.
Ke3 Rxh5 41. Kf4 Rg5 42. Kg3 h5 43. Ra6 Rg6 44. Ra8 Rh6 45. Ra1 Rf6 46. e5 Rf5
47. e6 fxe6 48. Bxe6 Rf3+ 49. Kh4 Kf6 50. Bxg4 hxg4 51. Kxg4 Rxb3 52. Kf4 Rd7
53. Ra6+ Kf7 54. Ke5 Re3+ 55. Kf5 Rf3+ 56. Ke5 Rb7 57. Kd5 Rf6 58. Ra1 Rc7 59.
Rh1 Ke7 60. Ke5 Rf7 61. Rh8 Kd7 62. Rh6 Kc8 63. Rb6 Rb7 64. Rc6+ Rfc7 65. Rh6
Kb8 66. Rh8+ Ka7 67. Rh1 b3 68. Ra1+ Kb8 69. Kd6 b2 70. Rb1 Rb6+ 71. Kd5 Ra7
0-1

[Event "ProMoPro2004"]
[Site "Praha"]
[Date "2004.09.15"]
[Round "5.8"]
[White "Simecek, Bohumil"]
[Black "Stross, Frantisek"]
[Result "1/2-1/2"]
[WhiteElo "2113"]
[BlackElo "2220"]
[PlyCount "45"]
[EventDate "2004.09.11"]

1. d4 Nf6 2. c4 c5 3. d5 e5 4. Nc3 d6 5. e4 Be7 6. Bd3 O-O 7. h3 Ne8 8. Nf3 Nd7
9. Be3 Ndf6 10. Qd2 a6 11. a3 Kh8 12. b4 b6 13. bxc5 bxc5 14. O-O Nd7 15. Rfb1
g6 16. Bh6 Rg8 17. Ne2 Bf8 18. Be3 Qe7 19. Ng3 f6 20. Rb3 h5 21. h4 Qh7 22.
Rab1 Be7 23. Kf1 1/2-1/2

[Event "ProMoPro2004"]
[Site "Praha"]
[Date "2004.09.15"]
[Round "5.17"]
[White "Krivanek, Vladimir"]
[Black "Tejkal, Jiri"]
[Result "0-1"]
[WhiteElo "1853"]
[BlackElo "2048"]
[PlyCount "60"]
[EventDate "2004.09.11"]

1. e4 c5 2. Nf3 Nc6 3. d4 cxd4 4. Nxd4 Nf6 5. Nc3 d6 6. Bc4 e6 7. Be3 Be7 8. f3
a6 9. Qd2 O-O 10. O-O-O Qc7 11. g4 Nxd4 12. Qxd4 Nd7 13. g5 b5 14. Be2 Nc5 15.
h4 Rb8 16. b4 Nd7 17. f4 Bb7 18. Rh3 Rbc8 19. Bf2 Rfd8 20. Rf1 e5 21. Qd2 exf4
22. Qxf4 Ne5 23. Bd4 Rf8 24. h5 f6 25. g6 h6 26. Qd2 f5 27. Rxf5 Rxf5 28. exf5
Bg5 29. Be3 Qxc3 30. Bxg5 Qa1# 0-1

[Event "ProMoPro2004"]
[Site "Praha"]
[Date "2004.09.15"]
[Round "5.5"]
[White "Trnka, Jaroslav"]
[Black "Vavra, Pavel"]
[Result "0-1"]
[WhiteElo "1880"]
[BlackElo "2393"]
[PlyCount "62"]
[EventDate "2004.09.11"]

1. d4 d5 2. c4 c6 3. cxd5 cxd5 4. Nc3 Nf6 5. Bf4 Nc6 6. e3 Bg4 7. f3 Bd7 8. Bd3
e6 9. Nge2 Nh5 10. Bg3 Nxg3 11. hxg3 g6 12. a3 Bg7 13. Qc2 Rc8 14. f4 Na5 15.
Kf2 Nc4 16. g4 b5 17. Rh2 a5 18. Rah1 b4 19. Rxh7 Rxh7 20. Rxh7 Kf8 21. axb4
axb4 22. b3 Nd6 23. Bxg6 bxc3 24. Bd3 Bb5 25. Bxb5 Nxb5 26. Ng3 Qf6 27. Nh5 Qg6
28. Qxg6 fxg6 29. Nxg7 Kg8 30. Rh1 c2 31. Rc1 31... Nc3 {bily se vzdal} 0-1

[Event "ProMoPro2004"]
[Site "Praha"]
[Date "2004.09.15"]
[Round "5.23"]
[White "Bohac, Jaroslav"]
[Black "Marsalek, Lubos"]
[Result "1/2-1/2"]
[WhiteElo "1943"]
[BlackElo "2009"]
[PlyCount "65"]
[EventDate "2004.09.11"]

1. d4 Nf6 2. c4 g6 3. g3 Bg7 4. Bg2 d6 5. Nc3 O-O 6. h3 c6 7. e4 Nbd7 8. Nge2
e5 9. Be3 Re8 10. O-O exd4 11. Bxd4 Qc7 12. Qc2 Nc5 13. a3 Ne6 14. Be3 Qe7 15.
Rad1 Nc5 16. f3 Be6 17. Bf4 Rad8 18. b4 Na6 19. Nb1 Nh5 20. Be3 b6 21. g4 Nf6
22. Nd4 Nb8 23. Bf2 c5 24. Nxe6 fxe6 25. b5 Rf8 26. Bh4 Qc7 27. f4 Rd7 28. Nc3
Rdf7 29. Bg3 Ne8 30. f5 Bxc3 31. Qxc3 e5 32. Kh2 g5 33. Bf3 {remis} 1/2-1/2

[Event "ProMoPro2004"]
[Site "Praha"]
[Date "2004.09.15"]
[Round "5.31"]
[White "Nemec, Vaclav"]
[Black "Horak, Karel"]
[Result "1/2-1/2"]
[WhiteElo "1594"]
[BlackElo "1671"]
[PlyCount "57"]
[EventDate "2004.09.11"]

1. e4 c6 2. d4 d5 3. exd5 cxd5 4. Bd3 Nc6 5. Nf3 Bg4 6. c3 Nf6 7. Bf4 e6 8.
Nbd2 Bd6 9. Bxd6 Qxd6 10. Qc2 Bxf3 11. Nxf3 O-O 12. O-O Rac8 13. Qe2 Rfe8 14.
Ne5 a6 15. a4 Re7 16. f4 Nd7 17. Qh5 Nf8 18. Rf3 Rec7 19. Bxh7+ Nxh7 20. Rh3
Nxd4 21. Qxh7+ Kf8 22. cxd4 Qb4 23. Qh8+ Ke7 24. Qh4+ Kd6 25. Rc3 Qxb2 26.
Nxf7+ Rxf7 27. Rxc8 Qxa1+ 28. Kf2 Qxd4+ 29. Kf3 {remis} 1/2-1/2

[Event "ProMoPro2004"]
[Site "Praha"]
[Date "2004.09.15"]
[Round "5.26"]
[White "Slovak, Pavel"]
[Black "Ryslink, Daniel"]
[Result "1-0"]
[WhiteElo "2103"]
[BlackElo "1764"]
[PlyCount "81"]
[EventDate "2004.09.11"]

1. e4 e6 2. d4 d5 3. Nd2 Nf6 4. e5 Nfd7 5. Bd3 b6 6. c3 Ba6 7. Bc2 c5 8. Ne2
Nc6 9. Nf3 cxd4 10. cxd4 Be7 11. O-O Rc8 12. a3 O-O 13. Re1 Re8 14. Ng3 Nf8 15.
Bd2 f6 16. exf6 Bxf6 17. Bc3 Qc7 18. Nh5 Be7 19. Ne5 Nxe5 20. Rxe5 Bd6 21. Rg5
Re7 22. Nf6+ Kh8 23. Ng4 Qc4 24. Ne5 Qe2 25. Qxe2 Bxe2 26. Re1 Bb5 27. Re3 Be8
28. Rh3 Bxe5 29. Rxe5 Bg6 30. Bb3 Nd7 31. Re1 Nf6 32. Rhe3 Bf7 33. f3 a5 34.
Re5 Rec7 35. Bd2 h6 36. h4 Nd7 37. R5e2 Nf8 38. Bf4 Rb7 39. Bd2 Bg6 40. g3 Bc2
41. Rc1 {cerny se vzdal} 1-0

[Event "ProMoPro2004"]
[Site "Praha"]
[Date "2004.09.15"]
[Round "5.4"]
[White "Mejzlik, Ondrej"]
[Black "Petrik, Tomas"]
[Result "0-1"]
[WhiteElo "2025"]
[BlackElo "2457"]
[PlyCount "84"]
[EventDate "2004.09.11"]

1. c4 Nf6 2. Nc3 e6 3. e4 c5 4. d3 Nc6 5. g3 d5 6. cxd5 exd5 7. Bg5 Be7 8. Bxf6
Bxf6 9. Bg2 Qa5 10. Qd2 dxe4 11. Bxe4 O-O 12. Nge2 Bg4 13. O-O Rad8 14. f3 Bc8
15. Rfd1 c4 16. Qe3 cxd3 17. Rxd3 Rxd3 18. Bxd3 Rd8 19. Rd1 Qb4 20. Qe4 Qb6+
21. Kg2 g6 22. Nd5 Qxb2 23. Nxf6+ Qxf6 24. Bc2 Rxd1 25. Bxd1 Be6 26. a4 Qb2 27.
Qd3 Kg7 28. Qc3+ Qxc3 29. Nxc3 Kf6 30. Kf2 Nb4 31. f4 Ke7 32. Bf3 b6 33. Ke3
Bd7 34. Kd4 Nc2+ 35. Kc4 Ne3+ 36. Kd3 Nf1 37. Nd5+ Kd6 38. Nf6 Nxh2 39. Bd1 h5
40. Ne4+ Ke7 41. Kd4 Ng4 42. Nc3 42... Nh6 {bily vzdal} 0-1

[Event "ProMoPro2004"]
[Site "Praha"]
[Date "2004.09.15"]
[Round "5.12"]
[White "Srba, Milan"]
[Black "Kamenik, Robert"]
[Result "0-1"]
[WhiteElo "2137"]
[BlackElo "2027"]
[PlyCount "124"]
[EventDate "2004.09.11"]

1. e4 e5 2. Nf3 Nc6 3. Bb5 a6 4. Ba4 Nf6 5. d3 d6 6. c4 Be7 7. Nc3 O-O 8. h3
Bd7 9. Be3 Ne8 10. Bxc6 bxc6 11. d4 exd4 12. Nxd4 Qb8 13. b3 Qb4 14. Qd3 d5 15.
exd5 cxd5 16. cxd5 Nf6 17. O-O Qa5 18. Nde2 Bb5 19. Nxb5 Qxb5 20. Rfd1 Rfd8 21.
Qxb5 axb5 22. Nc3 b4 23. Nb5 Nxd5 24. Rxd5 Rxd5 25. Nxc7 Rxa2 26. Rxa2 Rd1+ 27.
Kh2 Bd6+ 28. g3 Bxc7 29. Rc2 Rd7 30. Bf4 Bb6 31. Rc8+ Rd8 32. Rxd8+ Bxd8 33.
Bd6 Ba5 34. Kg2 f5 35. Kf3 Kf7 36. Ke3 Ke6 37. Bf8 g6 38. Kd3 Bb6 39. f3 Bf2
40. g4 Ke5 41. Bxb4 Kf4 42. Ke2 Bb6 43. Bd6+ Kg5 44. b4 Kh4 45. Bc5 Bc7 46. b5
Kxh3 47. gxf5 gxf5 48. Ba7 Kg2 49. b6 Bd6 50. b7 h5 51. Bf2 f4 52. Bh4 Bb8 53.
Bf6 Bc7 54. Kd3 Kxf3 55. Kd4 Ke2 56. Be5 Bxe5+ 57. Kxe5 f3 58. b8=Q f2 59. Qb5+
Ke1 60. Qb4+ Kf1 61. Kf4 Kg1 62. Qd4 62... Kh1 {cerny se vzdal} 0-1

[Event "ProMoPro2004"]
[Site "Praha"]
[Date "2004.09.15"]
[Round "5.15"]
[White "Szirmai, Emil"]
[Black "Nosek, Filip"]
[Result "1-0"]
[WhiteElo "2084"]
[BlackElo "1927"]
[PlyCount "155"]
[EventDate "2004.09.11"]

1. e4 e5 2. Bc4 Nc6 3. Nc3 Bc5 4. a3 Nf6 5. Nf3 d6 6. d3 Be6 7. Nd5 h6 8. c3
Bxd5 9. exd5 Ne7 10. Bb5+ c6 11. dxc6 bxc6 12. Ba4 O-O 13. O-O Qc7 14. d4 exd4
15. Nxd4 d5 16. Bc2 Rae8 17. Qf3 Bxd4 18. cxd4 Ng6 19. Bxh6 gxh6 20. Qxf6 Re6
21. Qf5 Qf4 22. Qd3 Rfe8 23. Rad1 Kg7 24. Qc3 Qg4 25. h3 Qh4 26. Bxg6 fxg6 27.
Rd3 Qf4 28. Rf3 Qd6 29. g3 h5 30. b4 R8e7 31. Rc1 Qb8 32. Qc5 Qd6 33. Qxd6 Rxd6
34. Rd3 Ree6 35. Kf1 Kf6 36. f3 Ke7 37. Re1 Rxe1+ 38. Kxe1 Re6+ 39. Kf2 Kd7 40.
Re3 Rf6 41. Re5 Kc7 42. Ke3 Kb6 43. f4 Kb5 44. g4 hxg4 45. hxg4 Ka4 46. g5 Rd6
47. Re7 Kxa3 48. Rxa7+ Kxb4 49. Rf7 Re6+ 50. Kf3 Re4 51. Rf6 Kb5 52. Rxg6 Rxd4
53. Re6 Rd1 54. Re2 Ra1 55. g6 d4 56. g7 Ra8 57. f5 d3 58. Rd2 Kc4 59. f6 Kc3
60. Rxd3+ Kxd3 61. f7 c5 62. g8=Q Rxg8 63. fxg8=Q c4 64. Qg1 Kc2 65. Ke2 c3 66.
Qd1+ Kb2 67. Kd3 c2 68. Qxc2+ Ka3 69. Ke4 Kb4 70. Kf5 Ka3 71. Qb1 Ka4 72. Kg6
Ka3 73. Kg7 Ka4 74. Kf7 Ka3 75. Ke6 Ka4 76. Kd5 Ka3 77. Kc4 Ka4 78. Qa1# 1-0

[Event "ProMoPro2004"]
[Site "Praha"]
[Date "2004.09.15"]
[Round "5.2"]
[White "Cernousek, Lukas"]
[Black "Londyn, Radek"]
[Result "1-0"]
[WhiteElo "2378"]
[BlackElo "2278"]
[PlyCount "137"]
[EventDate "2004.09.11"]

1. d4 Nf6 2. c4 c5 3. d5 e6 4. Nc3 exd5 5. cxd5 d6 6. Nf3 g6 7. g3 a6 8. a4 Bg7
9. Bg2 O-O 10. O-O Nbd7 11. Bf4 Ne8 12. Qd2 f6 13. e4 Ne5 14. Nxe5 fxe5 15. Be3
Rb8 16. Rfb1 a5 17. Nb5 Ra8 18. Na3 b6 19. Bf1 Nc7 20. Be2 Na6 21. h4 h5 22.
Nc4 Rb8 23. Kg2 Nb4 24. Rh1 Rf7 25. b3 Bf6 26. Rag1 Rbb7 27. Kf1 Rh7 28. Ke1
Ra7 29. Na3 Qf8 30. Bb5 Bg4 31. Be2 Be7 32. Qd1 Qc8 33. f3 Bd7 34. Bb5 Bf8 35.
Qd2 Bxb5 36. Nxb5 Raf7 37. Ke2 Be7 38. Rf1 Rf8 39. Bh6 Rff7 40. Kf2 Qd7 41. Be3
Rf8 42. Kg2 Rff7 43. Na3 Rf8 44. Qe2 Rb8 45. Ra1 Bf8 46. Qb5 Qd8 47. Bd2 Rf7
48. Rac1 Kh7 49. Nc4 Bh6 50. Ne3 Bxe3 51. Bxe3 Qd7 52. Rc4 Qxb5 53. axb5 Ra8
54. Ra1 Raf8 55. Rf1 Nd3 56. Bd2 Ra8 57. Rc3 Nb4 58. Ra1 a4 59. bxa4 Rfa7 60.
Bg5 Kg8 61. f4 Rxa4 62. Rxa4 Rxa4 63. fxe5 dxe5 64. d6 Ra7 65. Bd8 Ra2+ 66. Kf3
Nc2 67. Rxc2 Rxc2 68. Bxb6 Rd2 69. Bxc5 {cerny se vzdal} 1-0

[Event "ProMoPro2004"]
[Site "Praha"]
[Date "2004.09.16"]
[Round "5.19"]
[White "Rakous, Pavel"]
[Black "Rmoutil, Martin"]
[Result "1/2-1/2"]
[WhiteElo "1800"]
[BlackElo "2007"]
[PlyCount "147"]
[EventDate "2004.09.11"]

1. e4 c5 2. d4 cxd4 3. c3 Nf6 4. e5 Nd5 5. Qxd4 e6 6. Nf3 Nc6 7. Qe4 d6 8. Bb5
Bd7 9. O-O Nxe5 10. Nxe5 Bxb5 11. Nxf7 Kxf7 12. c4 Nf6 13. Qxb7+ Bd7 14. Nc3
Qc8 15. Qf3 Qc6 16. Qg3 Qxc4 17. Bf4 e5 18. Bg5 h6 19. Bd2 Be7 20. f4 e4 21. f5
Be8 22. Rac1 Qd3 23. Be3 Ng4 24. Qxg4 Qxe3+ 25. Kh1 Bg5 26. Nd5 Qxc1 27. Rxc1
Bxc1 28. Qg6+ Kf8 29. Qxd6+ Kg8 30. Ne7+ Kh7 31. f6 Rf8 32. Qd5 Bg6 33. Nxg6
Rfd8 34. Qb3 Kxg6 35. f7 Bg5 36. h4 Bxh4 37. Qe6+ Bf6 38. Qxe4+ Kxf7 39. b3 Kg8
40. Qc4+ Kh8 41. Kh2 Rd2 42. a4 Rb2 43. b4 Rd8 44. Kh3 Rd4 45. Qc8+ Kh7 46.
Qf5+ Kg8 47. Qe6+ Kf8 48. b5 Rd3+ 49. g3 Rbb3 50. Qc8+ Bd8 51. Qf5+ Bf6 52.
Qc8+ Kf7 53. Qc4+ Ke7 54. Qc7+ Ke6 55. Qc6+ Ke5 56. Qc5+ Ke4 57. Qc4+ Ke3 58.
a5 Kd2 59. Qf4+ Kc2 60. Qf2+ Kb1 61. b6 Rxg3+ 62. Kh2 Rb2 63. Qxb2+ Kxb2 64.
bxa7 Rg5 65. a8=Q Be5+ 66. Kh1 Kc3 67. Qc6+ Kd3 68. a6 Bd4 69. Qf3+ Kc4 70.
Qf7+ Kd3 71. a7 Ra5 72. Qf3+ Kc4 73. a8=Q Rxa8 74. Qxa8 {remis} 1/2-1/2

[Event "ProMoPro2004"]
[Site "Praha"]
[Date "2004.09.16"]
[Round "5.10"]
[White "Benes, Petr"]
[Black "Kubikova, Alena"]
[Result "1/2-1/2"]
[WhiteElo "2140"]
[BlackElo "2067"]
[PlyCount "136"]
[EventDate "2004.09.11"]

1. Nf3 Nf6 2. c4 g6 3. Nc3 c5 4. g3 Bg7 5. Bg2 Nc6 6. O-O O-O 7. d3 d6 8. Bg5
h6 9. Bd2 Bd7 10. a3 a6 11. Rb1 Rb8 12. b4 cxb4 13. axb4 b5 14. cxb5 axb5 15.
Ne1 Kh7 16. Nc2 e5 17. Ne3 Ne7 18. Ra1 Bc6 19. Bxc6 Nxc6 20. Ned5 Nxd5 21. Nxd5
f5 22. e3 e4 23. d4 Qd7 24. Ra6 Qc8 25. Ra3 Qb7 26. Qb3 Ra8 27. Rxa8 Rxa8 28.
Rc1 Rc8 29. Nf4 Nd8 30. Ra1 Ra8 31. Ra5 Rc8 32. Qd5 Qxd5 33. Nxd5 Rc2 34. Bc3
Rc1+ 35. Kg2 Ne6 36. h4 g5 37. Rxb5 f4 38. gxf4 gxf4 39. exf4 Bxd4 40. Rb7+ Kg6
41. h5+ Kf5 42. Rf7+ Kg4 43. Bd2 Rb1 44. Nf6+ Bxf6 45. Rxf6 Nd4 46. Rg6+ Kh4
47. Rg3 Nf3 48. Rxf3 exf3+ 49. Kxf3 Kxh5 50. f5 Rb2 51. Ke2 Rb3 52. f4 d5 53.
Kd1 Ra3 54. Kc2 Ra7 55. Kd3 Kg4 56. Kd4 Kxf5 57. b5 h5 58. Be1 Kxf4 59. Kxd5
Ra1 60. Bb4 Ra7 61. Bd6+ Kf5 62. Kc6 Ra1 63. Bb4 Rb1 64. Kc5 h4 65. b6 h3 66.
b7 Rxb4 67. Kxb4 h2 68. b8=Q 68... h1=Q {remis} 1/2-1/2

[Event "ProMoPro2004"]
[Site "Praha"]
[Date "2004.09.15"]
[Round "5.29"]
[White "Koncel, Jan"]
[Black "Hampel, Rudolf"]
[Result "1-0"]
[WhiteElo "1441"]
[BlackElo "1785"]
[PlyCount "53"]
[EventDate "2004.09.11"]

1. e4 c5 2. Nf3 e6 3. d4 cxd4 4. Nxd4 Nf6 5. Nc3 Nc6 6. Bc4 Bb4 7. f3 O-O 8.
Bb3 Qa5 9. Nde2 Qb6 10. a3 Be7 11. Qd3 a6 12. Be3 Qc7 13. O-O b5 14. f4 Ng4 15.
Kh1 Nxe3 16. Qxe3 Bb7 17. Qd3 b4 18. axb4 Nxb4 19. Qg3 Rad8 20. Nd4 Nc6 21. Ra4
Nxd4 22. Rxd4 d6 23. Rd3 Bf6 24. Qg4 g6 25. f5 exf5 26. exf5 Bc8 27. Nd5 {
cerny se vzdal} 1-0

[Event "ProMoPro2004"]
[Site "Praha"]
[Date "2004.09.15"]
[Round "5.20"]
[White "Stodolova, Kristyna"]
[Black "Hoskovec, Josef"]
[Result "1/2-1/2"]
[WhiteElo "1996"]
[BlackElo "1864"]
[PlyCount "38"]
[EventDate "2004.09.11"]

1. d4 e6 2. c4 f5 3. Nf3 Nf6 4. g3 Be7 5. Bg2 d6 6. Nc3 O-O 7. O-O a5 8. b3 Qe8
9. Qc2 Nc6 10. Ba3 Nb4 11. Qd2 d5 12. Ne5 Nc6 13. cxd5 exd5 14. Nxd5 Bxa3 15.
Nxc7 Qd8 16. Nxa8 Nxe5 17. Qf4 Nc6 18. d5 Bd6 19. Qe3 19... Nb4 {remis} 1/2-1/2